2013 NBA Draft - Statistics

General Stats
  • This quiz has been taken 1,897 times
  • The average score is 11 of 60
Answer Stats
Pick # College Answer % Correct
#1 Cavaliers UNLV Anthony Bennett
92%
#2 Magic Indiana Victor Oladipo
78%
#3 Wizards Georgetown Otto Porter
65%
#4 Bobcats Indiana Cody Zeller
51%
#5 Suns Maryland Alex Len
49%
#10 Trail Blazers Lehigh CJ McCollum
47%
#11 76ers Syracuse Michael Carter-Williams
47%
#15 Bucks Greece Giannis Antetokounmpo
44%
#6 Pelicans Kentucky Nerlens Noel
44%
#12 Thunder Pittsburgh Steven Adams
42%
#7 Kings Kansas Ben McLemore
38%
#8 Pistons Georgia Kentavious Caldwell-Pope
37%
#9 Timberwolves Michigan Trey Burke
37%
#27 Nuggets France Rudy Gobert
26%
#13 Mavericks Gonzaga Kelly Olynyk
22%
#17 Hawks Germany Dennis Schroeder
20%
#24 Knicks Michigan Tim Hardaway Jr.
20%
#14 Jazz UCLA Shabazz Muhammad
19%
#20 Bulls New Mexico Tony Snell
18%
#21 Jazz Louisville Gorgui Dieng
16%
#22 Nets Duke Mason Plumlee
16%
#18 Hawks Miami Shane Larkin
16%
#42 76ers Baylor Pierre Jackson
14%
#16 Celtics Brazil Lucas Nogueira
12%
#19 Cavaliers Russia Sergey Karasev
12%
#26 Timberwolves Colorado Andre Roberson
11%
#46 Jazz Virginia Tech Erick Green
11%
#23 Pacers Arizona Solomon Hill
11%
#25 Clippers North Carolina Reggie Bullock
10%
#48 Lakers Duke Ryan Kelly
10%
#56 Pistons Louisville Peyton Siva
9%
#31 Cavaliers California Allen Crabbe
8%
#29 Thunder Kentucky Archie Goodwin
8%
#58 Spurs Ohio State Deshaun Thomas
8%
#34 Rockets Murray State Isaiah Canaan
8%
#52 Timberwolves NC State Lorenzo Brown
8%
#36 Kings Detroit Ray McCallum
8%
#37 Pistons North Texas Tony Mitchell
8%
#32 Thunder Spain Alex Abrines
7%
#38 Wizards South Dakota State Nate Wolters
7%
#33 Cavaliers Arizona State Carrick Felix
6%
#35 76ers NBA D-League Glen Rice Jr.
6%
#50 Hawks Long Beach State James Ennis
6%
#28 Spurs France Livio Jean-Charles
6%
#44 Mavericks Bucknell Mike Muscala
6%
#30 Suns Serbia Nemanja Nedovic
6%
#39 Trail Blazers Kansas Jeff Withey
5%
#55 Grizzlies France Joffrey Lauvergne
5%
#47 Hawks Brazil Raul Neto
5%
#43 Bucks Providence Ricky Ledo
5%
#49 Bulls Florida Erik Murphy
4%
#40 Trail Blazers Arizona Grant Jerrett
4%
#41 Grizzlies San Diego State Jamaal Franklin
4%
#54 Wizards Oregon Arsalan Kazemi
3%
#53 Pacers Colorado State Colton Iverson
3%
#60 Grizzlies Latvia Jannis Timma
3%
#51 Magic Oklahoma Romero Osby
3%
#57 Suns Missouri Alex Oriakhi
2%
#59 Timberwolves Serbia Bojan Dubljevic
2%
#45 Trail Blazers Serbia Marko Todorovic
2%
No matching quizzes found
Score Distribution
Percent of People with Each Score
Percentile by Number Answered
Your Score History
You have not taken this quiz